|
|
|
|
| LEADER |
00000nam0a2200000 4500 |
| 001 |
57237 |
| 005 |
20231101211644.0 |
| 010 |
|
|
|a 5256014447
|
| 035 |
|
|
|a (RuTPU)RU\TPU\book\60372
|
| 090 |
|
|
|a 57237
|
| 100 |
|
|
|a 20031024d2000 k y0rusy50 ca
|
| 101 |
1 |
|
|a rus
|
| 102 |
|
|
|a RU
|
| 105 |
|
|
|a a z 001zy
|
| 200 |
1 |
|
|a Беспроводная цифровая связь. Методы модуляции и расширения спектра
|e пер. с англ.
|f К. Феер
|
| 210 |
|
|
|a Москва
|c Радио и связь
|d 2000
|
| 215 |
|
|
|a 520 с.
|c ил.
|
| 320 |
|
|
|a Библиогр.: с. 495-513.
|
| 320 |
|
|
|a Предметный указатель: с. 514-516.
|
| 606 |
1 |
|
|a Информация
|x Передача по цифровым каналам связи
|2 stltpush
|3 (RuTPU)RU\TPU\subj\12995
|9 39685
|
| 610 |
1 |
|
|a беспроводная связь
|
| 610 |
1 |
|
|a сотовая связь
|
| 610 |
1 |
|
|a цифровая связь
|
| 610 |
1 |
|
|a персональная связь
|
| 610 |
1 |
|
|a речь
|
| 610 |
1 |
|
|a кодирование
|
| 610 |
1 |
|
|a радиоволны
|
| 610 |
1 |
|
|a распространение
|
| 610 |
1 |
|
|a цифровая модуляция
|
| 610 |
1 |
|
|a демодуляция
|
| 610 |
1 |
|
|a ошибки
|
| 610 |
1 |
|
|a обнаружение
|
| 610 |
1 |
|
|a подвижная связь
|
| 675 |
|
|
|a 621.391.3.052
|v 3
|
| 700 |
|
1 |
|a Феер
|b К.
|g Камило
|
| 801 |
|
1 |
|a RU
|b 63413507
|c 20031024
|g PSBO
|
| 801 |
|
2 |
|a RU
|b 63413507
|c 20130715
|g PSBO
|
| 942 |
|
|
|c BK
|